| 000 | 00702nam a22002177a 4500 | ||
|---|---|---|---|
| 003 | OSt | ||
| 005 | 20140310181923.0 | ||
| 008 | 130719t xxu||||| |||| 00| 0 eng d | ||
| 050 |
_aZ 43 _b.H123 1991 |
||
| 082 |
_aTR 372.634 _bZ1t 1991 Bk.2-m |
||
| 100 |
_aHackney, Clinton S. _9629 |
||
| 245 |
_aZaner-Bloser handwriting : _ba way to self-expression. Book 2M / _cClinton S. Hackney and Virginia H. Lucas. |
||
| 260 |
_aColumbus, Ohio : _bZaner-Bloser, _cc1991. |
||
| 300 |
_a111 p. ; _bill. col. ;` _c29 cm. |
||
| 521 | _aFaculty | ||
| 541 | _j1 | ||
| 562 | _e1 | ||
| 650 |
_aHandwriting _xProblems, exercises etc. _92023 |
||
| 700 |
_aHackney, Clinton S. _9629 |
||
| 942 |
_2lcc _cBK-TR _kTR |
||
| 999 |
_c7098 _d7098 |
||